El epistolario : (Record no. 16310)

MARC details
000 -LEADER
campo de control de longitud fija 00933nam a2200277 i 4500
001 - NÚMERO DE CONTROL
campo de control 16310
003 - IDENTIFICADOR DE NÚMERO DE CONTROL
campo de control ES-MaACL
005 - FECHA Y HORA DE LA ÚLTIMA TRANSACCIÓN
campo de control 20240420063012.0
007 - CAMPO FIJO DE DESCRIPCIÓN FÍSICA--INFORMACIÓN GENERAL
campo de control de longitud fija t|
008 - DATOS DE LONGITUD FIJA--INFORMACIÓN GENERAL
campo de control de longitud fija 000828s1995 sp ||||1| spa d
020 ## - NÚMERO INTERNACIONAL ESTÁNDAR DEL LIBRO
Número Internacional Estándar del Libro 84-8191-071-6
080 ## - NÚMERO DE LA CLASIFICACIÓN DECIMAL UNIVERSAL
Número de la Clasificación Decimal Universal 929 Bargaín, José
080 ## - NÚMERO DE LA CLASIFICACIÓN DECIMAL UNIVERSAL
Número de la Clasificación Decimal Universal 929 Falla, Manuel de
100 1# - ENTRADA PRINCIPAL--NOMBRE DE PERSONA
Nombre de persona Bergamín, José,
Fechas asociadas al nombre 1895-1983
9 (RLIN) 27925
245 13 - MENCIÓN DEL TÍTULO
Título El epistolario :
Resto del título José Bergamín, Manuel de Falla (1924-1935) /
Mención de responsabilidad, etc. edición al cuidado de Nigel Dennis.
260 ## - PUBLICACIÓN, DISTRIBUCIÓN, ETC.
Lugar de publicación, distribución, etc. Valencia :
Nombre del editor, distribuidor, etc. Pre-Textos,
Fecha de publicación, distribución, etc. [1995]
300 ## - DESCRIPCIÓN FÍSICA
Extensión 178 p. :
Otras características físicas il. ;
Dimensiones 20 cm.
490 1# - MENCIÓN DE SERIE
Mención de serie Pre-textos ;
Designación de volumen o secuencia 246
600 14 - PUNTO DE ACCESO ADICIONAL DE MATERIA--NOMBRE DE PERSONA
Nombre de persona Falla, Manuel de,
Fechas asociadas al nombre 1876-1946-
Subdivisión de forma Correspondencia
9 (RLIN) 48757
600 14 - PUNTO DE ACCESO ADICIONAL DE MATERIA--NOMBRE DE PERSONA
Nombre de persona Bergamín, José-
Subdivisión de forma Correspondencia.
9 (RLIN) 27926
700 1# - ENTRADA AGREGADA--NOMBRE PERSONAL
Nombre de persona Falla, Manuel de,
Fechas asociadas al nombre 1876-1946
9 (RLIN) 48756
700 1# - ENTRADA AGREGADA--NOMBRE PERSONAL
Nombre de persona Dennis, Nigel.
9 (RLIN) 43725
830 1# - PUNTO DE ACCESO ADICIONAL DE SERIE-TÍTULO UNIFORME
Título uniforme Pre-textos ;
Designación de volumen o secuencia 246
9 (RLIN) 178641
852 4# - LOCALIZACIÓN
Ubicación ES-MaACL
Número de control de estantería L-23560
Holdings
Estatus retirado Estado de pérdida Estado de daño No para préstamo Biblioteca de origen Biblioteca actual Ubicación en estantería Fecha de adquisición Fuente de adquisición Total de préstamos Signatura topográfica completa Código de barras Visto por última vez Precio de reemplazo Tipo de ítem Koha
        Biblioteca del Ateneo de Madrid Biblioteca del Ateneo de Madrid Depósito 2 17/01/2008     L-23560 1016572 23/02/2023 23/02/2023 Libro impreso